| 000 | 01046nam a22002537a 4500 | ||
|---|---|---|---|
| 005 | 20170124103036.0 | ||
| 010 | _aA-954676 | ||
| 020 | _c60.00 | ||
| 035 | _aA-954676 | ||
| 037 | _bCen Lib/Ret | ||
| 040 |
_aDPL _bHN |
||
| 082 |
_aक _bचट्टोपा |
||
| 100 |
_aचट्टोपाध्याय, शरतचन्द्र _965528 |
||
| 245 |
_aदेना पावना / _cशरतचन्द्र चट्टोपाध्याय |
||
| 246 |
_aDena pavna / _bby Sahrat Chandra Chattopadhyaya |
||
| 260 |
_aनई दिल्ली _bभारतीय ग्रन्थ निकेतन _c1998 |
||
| 270 |
_a2713, कूचा चालान दरियागंज _bनई दिल्ली _e110002 |
||
| 300 |
_a175पृ. _c17सेमी (सजिल्द) |
||
| 650 |
_aहिन्दी साहित्य _965529 |
||
| 650 |
_aकहानियां _965530 |
||
| 650 |
_aHindi literature _965531 |
||
| 650 |
_aStories _97500 |
||
| 942 |
_2ddc _cHN _hक _mचट्टोपा |
||
| 999 |
_c116244 _d116244 |
||